| 000 | 00630nam a22001937a 4500 | ||
|---|---|---|---|
| 005 | 20160704172651.0 | ||
| 010 | _aENG-115363 | ||
| 020 |
_a9788178441894 _c1495.00 |
||
| 035 | _aEN-98895 | ||
| 037 | _bDBAD/PUB | ||
| 082 | _a324.23 | ||
| 100 | _aRam Ayodhya Singh | ||
| 245 |
_a Political parties,pressure groups and social movement / _cby Ram Ayodhya Singh |
||
| 260 |
_aNew Delhi _bK.K. Publications _c2014 |
||
| 270 |
_a4806/24,Bharat Ram Road,Daryaganj _bNew Delhi _e110002 |
||
| 300 |
_avii,296p. _c22cm(Hb) |
||
| 500 | _aIncludes bibliographical references and index | ||
| 942 |
_2ddc _cEN _mRAM _h324.23 |
||
| 999 |
_c101129 _d101129 |
||